Les Modes / (Record no. 1476)

MARC details
000 -LEADER
campo de control de longitud fija 00906nas a2200289 i 4500
001 - NÚMERO DE CONTROL
campo de control 1476
003 - IDENTIFICADOR DE NÚMERO DE CONTROL
campo de control ES-MaACL
005 - FECHA Y HORA DE LA ÚLTIMA TRANSACCIÓN
campo de control 20250816092950.0
007 - CAMPO FIJO DE DESCRIPCIÓN FÍSICA--INFORMACIÓN GENERAL
campo de control de longitud fija t|
008 - DATOS DE LONGITUD FIJA--INFORMACIÓN GENERAL
campo de control de longitud fija 950801d19011937fr m| p | ||re d
080 ## - NÚMERO DE LA CLASIFICACIÓN DECIMAL UNIVERSAL
Número de la Clasificación Decimal Universal 391
080 ## - NÚMERO DE LA CLASIFICACIÓN DECIMAL UNIVERSAL
Número de la Clasificación Decimal Universal 687.1
245 04 - MENCIÓN DEL TÍTULO
Título Les Modes /
Mención de responsabilidad, etc. [dir. M. Manzi].
246 3# - FORMA VARIANTE DEL TITULO
Título propio/Titulo breve Les Modes (Paris. 1901)
260 ## - PUBLICACIÓN, DISTRIBUCIÓN, ETC.
Lugar de publicación, distribución, etc. Paris :
Nombre del editor, distribuidor, etc. Manzi, Joyant et Cie,
Fecha de publicación, distribución, etc. 1901-[1937]
300 ## - DESCRIPCIÓN FÍSICA
Extensión 3 v. :
Otras características físicas il., grab. ;
Dimensiones 36 cm.
310 ## - PERIODICIDAD ACTUAL
Periodicidad actual Mensual
362 1# - FECHAS DE PUBLICACIÓN Y/O DESIGNACIÓN SECUENCIAL
Fecha de publicación y/o designación secuencial N. 1 (en. 1901)-[ca. marzo 1937]
500 ## - NOTA GENERAL
Nota general El v. 3 corresponde a un Álbum para el año 1903 (24 p. con láminas)
530 ## - NOTA DISPONIBLE DE FORMULARIO FÍSICO ADICIONAL
Nota de formato físico adicional disponible Disponible en formato digital.
650 #4 - PUNTO DE ACCESO ADICIONAL DE MATERIA--TÉRMINO DE MATERIA
Término de materia o nombre geográfico como elemento de entrada Moda.
9 (RLIN) 15119
650 #7 - PUNTO DE ACCESO ADICIONAL DE MATERIA--TÉRMINO DE MATERIA
Término de materia o nombre geográfico como elemento de entrada Economía doméstica
Fuente del encabezamiento o término embne
9 (RLIN) 135945
852 4# - LOCALIZACIÓN
Ubicación ES-MaACL
Número de control de estantería B-6494-96
856 4# - LOCALIZACIÓN Y ACCESO ELECTRÓNICOS
Identificador Uniforme de Recursos <a href="http://gallica.bnf.fr/ark:/12148/cb32817646w/date ">http://gallica.bnf.fr/ark:/12148/cb32817646w/date </a>
Nota pública BNF-Gallica
-- (1902-1937)
866 #0 - MENCIÓN TEXTUAL DE FONDOS--UNIDAD BIBLIOGRÁFICA BÁSICA
Fondos 1901-02(1903).
Holdings
Estatus retirado Estado de pérdida Estado de daño No para préstamo Colección Biblioteca de origen Biblioteca actual Ubicación en estantería Fecha de adquisición Fuente de adquisición Total de préstamos Signatura topográfica completa Código de barras Visto por última vez Precio de reemplazo Tipo de ítem Koha
        Colección digital Biblioteca del Ateneo de Madrid Biblioteca del Ateneo de Madrid Sala Pardo Bazán 17/01/2008     B-6494-96 1001506 23/02/2023 23/02/2023 Revista